Hinduism And The Clash Of Civilizations (Record no. 16053)
[ view plain ]
| 000 -LEADER | |
|---|---|
| fixed length control field | 003520000a22001570004500 |
| 001 - CONTROL NUMBER | |
| control field | 004162 |
| 003 - CONTROL NUMBER IDENTIFIER | |
| control field | MACL |
| 040 ## - CATALOGING SOURCE | |
| Original cataloging agency | MACL |
| 090 ## - LOCALLY ASSIGNED LC-TYPE CALL NUMBER (OCLC); LOCAL CALL NUMBER (RLIN) | |
| -- | 16155 |
| -- | 16154 |
| 100 ## - MAIN ENTRY--PERSONAL NAME | |
| Personal name | Frawley, David |
| 245 ## - TITLE STATEMENT | |
| Title | Hinduism And The Clash Of Civilizations |
| Statement of responsibility, etc. | David Frawley |
| 260 ## - PUBLICATION, DISTRIBUTION, ETC. (IMPRINT) | |
| Place of publication, distribution, etc. | Voice Of India, |
| Date of publication, distribution, etc. | 2001 |
| 350 ## - PRICE (NR) (BK AM CF MU VM SE) [OBSOLETE] | |
| Price | 350 |
| 650 ## - SUBJECT ADDED ENTRY--TOPICAL TERM | |
| Topical term or geographic name as entry element | Religion |
| 942 ## - ADDED ENTRY ELEMENTS (KOHA) | |
| Call number prefix | 295 |
| Koha item type | Library Membar |
| Withdrawn status | Lost status | Source of classification or shelving scheme | Damaged status | Not for loan | Home library | Current library | Date acquired | Cost, normal purchase price | Total Checkouts | Full call number | Barcode | Date last seen | Uniform Resource Identifier | Price effective from | Koha item type | Date last checked out |
|---|---|---|---|---|---|---|---|---|---|---|---|---|---|---|---|---|
| MACL | MACL | 15/04/2015 | 350.00 | 295.5 FRA | CRE015307 | 02/05/2024 | 15957 | 15/04/2015 | Books | |||||||
| MACL | MACL | 25/06/2019 | 300.00 | 1 | 200 | CRE036609 | 02/05/2024 | 15957 | Books | 02/01/2020 |









